[Event "ch-PHI"]
[Site "Tagaytay City PHI"]
[Date "2010.05.25"]
[Round "1"]
[White "Pascua,H"]
[Black "Garcia,Jan"]
[Result "1/2-1/2"]
[WhiteElo "2358"]
[BlackElo "2315"]
[EventDate "2010.05.25"]

1. d4 g6 2. c4 d6 3. Nc3 Bg7 4. e4 Nf6 5. Nf3 O-O 6. Be2 e5 7. O-O Na6 8.
d5 Nc5 9. Qc2 a5 10. b3 Bd7 11. Be3 b6 12. Nd2 Nh5 13. Bxh5 gxh5 14. Qd1 h4
15. Qh5 f5 16. Bg5 Bf6 17. Bxf6 Qxf6 18. exf5 Bxf5 19. f3 Bg6 20. Qh6 Qf4
21. Qxf4 Rxf4 22. Nb5 Rc8 23. Rfe1 Be8 24. Nc3 Bg6 25. Nb5 Be8 26. Nc3 Bg6
27. Re3 Rcf8 28. Ne2 R4f7 29. Nc3 Rg7 30. Nce4 Bxe4 31. fxe4 Rgf7 32. Rf1
Rxf1+ 33. Nxf1 Rf4 34. Nd2 Kg7 35. a3 a4 36. b4 Nb3 37. Nf3 Nd4 38. Ng5 Rg4
39. Nh3 Nc2 40. Rc3 Nd4 41. Re3 Nc2 42. Rc3 Nd4 1/2-1/2

[Event "ch-PHI"]
[Site "Tagaytay City PHI"]
[Date "2010.05.25"]
[Round "1"]
[White "So,W"]
[Black "Sadorra,J"]
[Result "1-0"]
[WhiteElo "2665"]
[BlackElo "2450"]
[EventDate "2010.05.25"]

1. e4 e6 2. d4 d5 3. Nc3 Bb4 4. e5 c5 5. a3 Bxc3+ 6. bxc3 Ne7 7. Qg4 Qc7 8.
Qxg7 Rg8 9. Qxh7 cxd4 10. Ne2 dxc3 11. f4 Bd7 12. Qd3 Nbc6 13. Qxc3 O-O-O
14. Rb1 Kb8 15. Qd3 d4 16. Bd2 Bc8 17. g3 b6 18. Bg2 Bb7 19. O-O Qc8 20. a4
Nd5 21. a5 Nxa5 22. Bxa5 bxa5 23. Rb5 Nb6 24. Bxb7 Qxb7 25. Rxa5 Rh8 26.
Nxd4 Rd7 27. Rfa1 Qc8 28. Qe4 Qc3 29. Nc6+ Kc7 30. Rxa7+ Kc8 31. Nb4 Qc5+
32. Kh1 f5 33. Ra8+ Nxa8 34. Qxa8+ Kc7 35. Na6+ 1-0

[Event "ch-PHI"]
[Site "Tagaytay City PHI"]
[Date "2010.05.25"]
[Round "1"]
[White "Laylo,D"]
[Black "Dableo,R"]
[Result "1/2-1/2"]
[WhiteElo "2527"]
[BlackElo "2464"]
[EventDate "2010.05.25"]

1. c4 c5 2. Nf3 Nc6 3. Nc3 e5 4. g3 g6 5. Bg2 Bg7 6. h4 h6 7. d3 Nge7 8.
Be3 d6 9. Qc1 Be6 10. Rb1 Qd7 11. a3 Rc8 12. O-O b6 13. b4 Nd4 14. bxc5
dxc5 15. a4 Nec6 16. Re1 Nb4 17. Bd2 f5 18. Nxd4 exd4 19. Nb5 a6 20. Na3
Qxa4 21. Qb2 Qd7 22. Bxb4 cxb4 23. Qxb4 Bf8 24. Qb2 Bc5 25. Nc2 O-O 26. Nb4
a5 27. Nd5 Bxd5 28. Bxd5+ Kh7 29. Qb5 Qxb5 30. Rxb5 Rfe8 31. Kf1 Rc7 32.
Ra1 Rce7 33. Bf3 Ra7 34. Ra4 1/2-1/2

[Event "ch-PHI"]
[Site "Tagaytay City PHI"]
[Date "2010.05.25"]
[Round "1"]
[White "Gomez,Joh"]
[Black "Dimakiling,O"]
[Result "1-0"]
[WhiteElo "2507"]
[BlackElo "2443"]
[EventDate "2010.05.25"]

1. d4 d6 2. e4 g6 3. c4 Bg7 4. Nc3 a6 5. f4 Nc6 6. Be3 Nf6 7. Nf3 Ng4 8.
Bg1 O-O 9. Be2 b5 10. cxb5 axb5 11. Bxb5 Na5 12. h3 Nf6 13. e5 Nh5 14. Bh2
Bb7 15. O-O Bh6 16. Ng5 Qb8 17. b4 dxe5 18. dxe5 Qa7+ 19. Kh1 Rad8 20. Qe1
Nc6 21. e6 f5 22. Nf7 Bg7 23. Nxd8 Nxd8 24. Rd1 Kh8 25. a4 Nf6 26. Rf2 Ne4
27. Nxe4 Bxe4 28. Re2 Qa8 29. Bd7 h6 30. a5 Bf6 31. b5 c5 32. a6 c4 33. Bg1
g5 34. Rxe4 fxe4 35. fxg5 hxg5 36. Be3 Kg7 37. Qe2 Rh8 38. Qxc4 g4 39. Qc8
Qxc8 40. Bxc8 gxh3 41. a7 hxg2+ 42. Kxg2 1-0

[Event "ch-PHI"]
[Site "Tagaytay City PHI"]
[Date "2010.05.25"]
[Round "1"]
[White "Antonio,R"]
[Black "Bitoon,R"]
[Result "1/2-1/2"]
[WhiteElo "2572"]
[BlackElo "2476"]
[EventDate "2010.05.25"]

1. e4 c5 2. c3 d5 3. exd5 Qxd5 4. d4 Nf6 5. Nf3 e6 6. Be3 Nc6 7. dxc5 Qxd1+
8. Kxd1 Ng4 9. b4 a5 10. Bb5 Bd7 11. Nbd2 axb4 12. Bxc6 Bxc6 13. cxb4 b6
14. cxb6 Bxb4 15. Rb1 Nxe3+ 16. fxe3 Bxd2 17. Kxd2 Rxa2+ 18. Kd3 Ra3+ 19.
Kd4 Ke7 20. b7 Rb8 21. Ne5 Bxg2 22. Rhg1 Ra4+ 23. Kc3 Rxb7 24. Rxb7+ Bxb7
25. Rxg7 Bd5 26. Rxf7+ Kd6 27. Nd3 Ra3+ 28. Kd2 Ra2+ 29. Kc3 Rxh2 30. Ra7
Be4 31. Ra6+ Ke7 32. Nf4 Bf5 1/2-1/2

[Event "ch-PHI"]
[Site "Tagaytay City PHI"]
[Date "2010.05.26"]
[Round "2"]
[White "Bitoon,R"]
[Black "Nolte,R"]
[Result "1-0"]
[WhiteElo "2476"]
[BlackElo "2420"]
[EventDate "2010.05.25"]

1. e4 c5 2. Nf3 d6 3. d4 cxd4 4. Nxd4 Nf6 5. Nc3 a6 6. Bc4 e6 7. Bb3 b5 8.
O-O Be7 9. Qf3 Qb6 10. Be3 Qb7 11. Qg3 b4 12. Na4 Nbd7 13. f3 O-O 14. Rfd1
Ne5 15. a3 bxa3 16. Rxa3 Bd7 17. Ne2 Bb5 18. Nf4 Rac8 19. Ra2 Nc4 20. Bf2
Rc6 21. Nc3 Bd8 22. Nxb5 axb5 23. Nxe6 fxe6 24. Ra7 Nh5 25. Rxb7 Nxg3 26.
hxg3 Nxb2 27. Bxe6+ Kh8 28. Bd4 Bf6 29. Bxf6 gxf6 30. Rd5 1-0

[Event "ch-PHI"]
[Site "Tagaytay City PHI"]
[Date "2010.05.26"]
[Round "2"]
[White "Dimakiling,O"]
[Black "Antonio,R"]
[Result "0-1"]
[WhiteElo "2443"]
[BlackElo "2572"]
[EventDate "2010.05.25"]

1. d4 Nf6 2. c4 e6 3. Nc3 Bb4 4. e3 c5 5. Nge2 b6 6. a3 Ba5 7. Rb1 Na6 8.
f3 O-O 9. e4 d5 10. e5 Ne8 11. cxd5 exd5 12. Be3 Nec7 13. Nf4 f6 14. exf6
Qxf6 15. b4 cxb4 16. Ncxd5 Nxd5 17. Nxd5 bxa3+ 18. Kf2 Qd6 19. Rc1 Bb7 20.
Nc3 Rae8 21. Qb3+ Kh8 22. Nb5 Qf6 23. Be2 Re7 24. Nxa3 Rfe8 25. Bxa6 Bxa6
26. Nc2 Qh4+ 27. g3 Qh3 28. Rcd1 Rc8 29. Nb4 Bc4 30. Qa3 Bxb4 31. Qxb4 Rxe3
32. Rd2 Rxf3+ 33. Kxf3 Qf5+ 0-1

[Event "ch-PHI"]
[Site "Tagaytay City PHI"]
[Date "2010.05.26"]
[Round "2"]
[White "Dableo,R"]
[Black "Gomez,Joh"]
[Result "0-1"]
[WhiteElo "2464"]
[BlackElo "2507"]
[EventDate "2010.05.25"]

1. Nf3 d5 2. c4 c6 3. cxd5 cxd5 4. d4 Nc6 5. Nc3 Nf6 6. Bf4 a6 7. e3 Bg4 8.
Bd3 e6 9. h3 Bh5 10. Rc1 Bd6 11. Bxd6 Qxd6 12. O-O O-O 13. a3 Rfe8 14. Be2
Bxf3 15. Bxf3 Na5 16. e4 Qd8 17. exd5 exd5 18. b4 Nc6 19. Qd3 Qd6 20. Rfd1
Re7 21. Re1 Rae8 22. Rxe7 Rxe7 23. g3 g6 24. Kg2 Kg7 25. h4 h6 26. Rd1 b5
27. Qc2 Rc7 28. Qb3 Ne7 29. Ne2 Nf5 30. Qd3 h5 31. Qd2 Rc4 32. Rc1 Ne4 33.
Bxe4 dxe4 34. Rxc4 bxc4 35. d5 Kh7 36. Kf1 Qe5 37. Ke1 Kg8 38. a4 Qa1+ 39.
Qc1 Qxa4 40. Qxc4 e3 41. fxe3 Nxe3 42. Qc8+ Kh7 43. Kf2 Ng4+ 44. Kg2 Qa2
0-1

[Event "ch-PHI"]
[Site "Tagaytay City PHI"]
[Date "2010.05.26"]
[Round "2"]
[White "Sadorra,J"]
[Black "Laylo,D"]
[Result "1-0"]
[WhiteElo "2450"]
[BlackElo "2527"]
[EventDate "2010.05.25"]

1. d4 Nf6 2. c4 g6 3. g3 c6 4. Bg2 d5 5. Nf3 Bg7 6. O-O O-O 7. b3 a5 8. Nc3
Ne4 9. Bb2 Nxc3 10. Bxc3 Nd7 11. cxd5 cxd5 12. Ne5 Nf6 13. Qd3 Qb6 14. a4
Ne4 15. Bxe4 dxe4 16. Qb5 Qxb5 17. axb5 Bxe5 18. dxe5 Bd7 19. b6 a4 20.
bxa4 Rxa4 21. Rxa4 Bxa4 22. Bb4 Re8 23. g4 Bb5 24. Rc1 Bc6 25. Kg2 g5 26.
Kg3 Kg7 27. e6 Kf6 28. exf7 Kxf7 29. Rc5 h6 30. h4 e5 31. Bc3 Kf6 32. h5
Re6 33. f3 exf3 34. exf3 Be8 35. Rc7 Rxb6 36. Rh7 Rc6 37. Bd2 e4 38. f4 e3
39. Bxe3 Rc3 40. Rxh6+ Kg7 41. Re6 Bd7 42. h6+ Kf7 43. Re4 Bc6 44. Re5
gxf4+ 45. Kxf4 Rc4+ 46. Kg5 Be4 47. Bc5 b5 48. Re7+ Kg8 49. Bd6 Bc2 50.
Rg7+ Kh8 51. Be5 Rc5 52. Kf4 Rc4+ 53. Kg3 Rc5 54. Bb2 Rc4 55. h7 b4 56.
Rc7+ Rc3+ 57. Bxc3+ bxc3 58. Rxc3 Bxh7 59. Rc7 Kg8 60. Kf4 Bb1 61. Kg5 1-0

[Event "ch-PHI"]
[Site "Tagaytay City PHI"]
[Date "2010.05.26"]
[Round "2"]
[White "Pascua,H"]
[Black "So,W"]
[Result "0-1"]
[WhiteElo "2358"]
[BlackElo "2665"]
[EventDate "2010.05.25"]

1. d4 Nf6 2. c4 g6 3. Nf3 Bg7 4. Nc3 d5 5. Bf4 O-O 6. e3 c5 7. dxc5 Ne4 8.
Be5 Bxe5 9. Nxe5 Nxc3 10. bxc3 Qa5 11. Qb3 Qc7 12. Nf3 dxc4 13. Bxc4 Nd7
14. c6 Qxc6 15. Rd1 Nb6 16. Rd4 Bf5 17. O-O Rac8 18. Ne5 Qf6 19. f4 Nxc4
20. Rxc4 Rxc4 21. Qxc4 Qb6 22. Re1 Be6 23. Qb4 Qxb4 24. cxb4 Bxa2 25. Ra1
Bd5 26. Ra5 Rd8 27. Rxa7 Rc8 28. g4 Rc1+ 29. Kf2 Rc2+ 30. Kg3 Rg2+ 31. Kh3
f6 32. Nd7 Rf2 33. Ra8+ Kg7 34. e4 Rf3+ 35. Kg2 Bxe4 36. Kg1 Rxf4 37. Re8
Rxg4+ 0-1

[Event "ch-PHI"]
[Site "Tagaytay City PHI"]
[Date "2010.05.26"]
[Round "3"]
[White "So,W"]
[Black "Garcia,Jan"]
[Result "1-0"]
[WhiteElo "2665"]
[BlackElo "2315"]
[EventDate "2010.05.25"]

1. e4 d6 2. d4 Nf6 3. Nc3 g6 4. f4 Bg7 5. Nf3 O-O 6. Bd3 Na6 7. O-O c5 8.
d5 Bg4 9. Bc4 Nc7 10. h3 Bxf3 11. Qxf3 a6 12. a4 b6 13. Qd3 e6 14. dxe6
fxe6 15. Be3 d5 16. exd5 exd5 17. Rad1 Kh8 18. Nxd5 Nfxd5 19. Bxd5 Nxd5 20.
Qxd5 Qe8 21. Qb3 c4 22. Qxb6 Rb8 23. Qc5 Rxb2 24. Bd4 Rxc2 25. Rfe1 Qa8 26.
Bxg7+ Kxg7 27. Rd5 Rxf4 28. Re7+ Kh6 29. Rh5+ gxh5 30. Qd6+ 1-0

[Event "ch-PHI"]
[Site "Tagaytay City PHI"]
[Date "2010.05.26"]
[Round "3"]
[White "Gomez,Joh"]
[Black "Sadorra,J"]
[Result "1-0"]
[WhiteElo "2507"]
[BlackElo "2450"]
[EventDate "2010.05.25"]

1. d4 e6 2. c4 f5 3. Nc3 Nf6 4. Nf3 Be7 5. Bf4 O-O 6. h3 b6 7. e3 Bb7 8.
Qc2 Bb4 9. O-O-O Bxc3 10. Qxc3 d6 11. Nd2 Nbd7 12. f3 b5 13. Bh2 Nb6 14.
Kb1 bxc4 15. Nxc4 Nfd5 16. Qd2 Ba6 17. Rc1 Qd7 18. Ne5 dxe5 19. Bxa6 f4 20.
dxe5 Qa4 21. Bb7 Rad8 22. Qc2 Qxc2+ 23. Rxc2 Nxe3 24. Re2 Nbc4 25. b3 Nd1
26. Kc1 Nce3 27. g3 Rb8 28. Ba6 Rb6 29. Bd3 fxg3 30. Bg1 Rxf3 31. Be4 Rf2
32. Bxf2 gxf2 33. Bg2 f1=Q 34. Bxf1 Rc6+ 35. Kd2 Rc2+ 36. Ke1 Rc1 37. Rd2
Kf7 38. Ke2 Rc3 39. Rxd1 1-0

[Event "ch-PHI"]
[Site "Tagaytay City PHI"]
[Date "2010.05.26"]
[Round "3"]
[White "Antonio,R"]
[Black "Dableo,R"]
[Result "1-0"]
[WhiteElo "2572"]
[BlackElo "2464"]
[EventDate "2010.05.25"]

1. e4 d5 2. exd5 Qxd5 3. Nc3 Qd6 4. d4 c6 5. g3 Bf5 6. Nf3 Nf6 7. Bg2 h6 8.
O-O e6 9. Ne5 Nbd7 10. Nc4 Qb4 11. Qe2 Nb6 12. Ne3 Bh7 13. d5 cxd5 14.
Nexd5 Nbxd5 15. Nxd5 Nxd5 16. Bxd5 Rc8 17. c3 Qb6 18. Bg2 Be7 19. Rd1 a5
20. Bf4 a4 21. a3 Bc5 22. Rd2 Ke7 23. Rad1 Rhd8 24. Qf3 Ke8 25. Qxb7 1-0

[Event "ch-PHI"]
[Site "Tagaytay City PHI"]
[Date "2010.05.26"]
[Round "3"]
[White "Nolte,R"]
[Black "Dimakiling,O"]
[Result "1/2-1/2"]
[WhiteElo "2420"]
[BlackElo "2443"]
[EventDate "2010.05.25"]

1. e4 e5 2. Nf3 Nc6 3. d4 exd4 4. Nxd4 Nge7 5. Nc3 Ng6 6. Be3 Bb4 7. Nxc6
dxc6 8. Qxd8+ Kxd8 9. Bd4 f6 10. a3 Bd6 11. O-O-O Bd7 12. g3 b5 13. Bg2 a5
14. f4 Kc8 15. Rhe1 Re8 16. Bf3 Ra6 17. h4 c5 18. Bf2 b4 19. Nd5 Bb5 20. h5
Ne7 21. e5 fxe5 22. fxe5 Nxd5 23. exd6 Rxe1 24. Rxe1 Rxd6 25. Bxc5 Rd8 26.
axb4 axb4 27. Re5 Bc6 28. Rg5 Ne3 29. Be2 Bb5 30. Be7 Rd5 31. Bf3 Rxg5 32.
Bxg5 Nf5 33. g4 Nd4 34. Be4 Bd7 1/2-1/2

[Event "ch-PHI"]
[Site "Tagaytay City PHI"]
[Date "2010.05.27"]
[Round "4"]
[White "Garcia,Jan"]
[Black "Bitoon,R"]
[Result "0-1"]
[WhiteElo "2315"]
[BlackElo "2476"]
[EventDate "2010.05.25"]

1. c4 b6 2. Nf3 Bb7 3. g3 Nf6 4. Bg2 e6 5. O-O d5 6. b3 Be7 7. Bb2 O-O 8.
cxd5 exd5 9. d4 Nbd7 10. Nc3 Re8 11. Qc2 a6 12. Rfd1 Bd6 13. Rac1 Qe7 14.
e3 Rac8 15. Qb1 Ne4 16. Nxe4 dxe4 17. Nd2 b5 18. Qa1 Bd5 19. Nb1 h5 20. Nc3
Nb6 21. Nxd5 Nxd5 22. a4 h4 23. Qb1 hxg3 24. hxg3 Qg5 25. Qc2 Re6 26. Qe2
Rh6 27. Rc5 c6 28. axb5 axb5 29. Rc2 Bxg3 30. fxg3 Qxg3 31. Qe1 Qh2+ 32.
Kf1 Re8 33. Rf2 Ree6 34. Bc1 Reg6 35. Qa5 Nc3 36. Qxc3 Rxg2 37. Qe1 Rf6 0-1

[Event "ch-PHI"]
[Site "Tagaytay City PHI"]
[Date "2010.05.27"]
[Round "4"]
[White "Dableo,R"]
[Black "Nolte,R"]
[Result "0-1"]
[WhiteElo "2464"]
[BlackElo "2420"]
[EventDate "2010.05.25"]

1. Nf3 Nf6 2. g3 d5 3. Bg2 c6 4. d3 Bf5 5. Nh4 Bg4 6. h3 Bh5 7. g4 Bg6 8.
Nc3 e5 9. Nf5 Bxf5 10. gxf5 Qd7 11. e4 Bb4 12. Bd2 d4 13. Ne2 Bxd2+ 14.
Qxd2 c5 15. c4 Nc6 16. Bf3 Qd6 17. Rg1 g6 18. Ng3 O-O-O 19. a3 Rhg8 20.
O-O-O a6 21. Kb1 Kb8 22. Rc1 Ka7 23. Bd1 Ne7 24. Ba4 h5 25. fxg6 Rxg6 26.
Ne2 Rdg8 27. Rg3 h4 28. Rxg6 Rxg6 29. f4 Rg2 30. fxe5 Qxe5 31. Rf1 Nxe4 32.
dxe4 Qxe4+ 33. Bc2 Qxe2 34. Qxe2 Rxe2 35. Rxf7 Nc6 36. Rf4 Ne5 37. Kc1 Nxc4
38. Bg6 Nxb2 0-1

[Event "ch-PHI"]
[Site "Tagaytay City PHI"]
[Date "2010.05.27"]
[Round "4"]
[White "Sadorra,J"]
[Black "Antonio,R"]
[Result "1/2-1/2"]
[WhiteElo "2450"]
[BlackElo "2572"]
[EventDate "2010.05.25"]

1. d4 Nf6 2. c4 e6 3. Nc3 c5 4. d5 exd5 5. cxd5 d6 6. Nf3 g6 7. g3 Bg7 8.
Bg2 O-O 9. O-O Re8 10. Nd2 a6 11. a4 Nbd7 12. h3 Rb8 13. Nc4 Ne5 14. Na3
Bd7 15. f4 Nh5 16. fxe5 Bxe5 17. Bf4 Bxf4 18. gxf4 b5 19. axb5 axb5 20.
Nab1 b4 21. Ne4 Bxh3 22. Nbd2 Bxg2 23. Kxg2 c4 24. Ng3 Nxg3 25. Kxg3 c3 26.
bxc3 bxc3 27. Nc4 Rb4 28. Qd3 Qc7 29. Ne3 h5 30. Nc2 Rbe4 31. Ra8 Rxe2 32.
Qxe2 Rxa8 33. f5 Qd8 34. f6 Qe8 35. Re1 Qxe2 36. Rxe2 Ra5 37. Ne3 Kh7 38.
Rc2 Rc5 39. Kf4 Kh6 40. Rc1 Rc8 41. Rc2 Rc5 42. Ra2 Rc8 43. Ra1 Rc7 44. Ra2
Rc8 45. Rc2 Rc5 1/2-1/2

[Event "ch-PHI"]
[Site "Tagaytay City PHI"]
[Date "2010.05.27"]
[Round "4"]
[White "Pascua,H"]
[Black "Gomez,Joh"]
[Result "0-1"]
[WhiteElo "2358"]
[BlackElo "2507"]
[EventDate "2010.05.25"]

1. d4 d5 2. c4 c6 3. cxd5 cxd5 4. Nc3 Nc6 5. Nf3 Nf6 6. Bf4 a6 7. e3 Bg4 8.
Bd3 e6 9. h3 Bh5 10. Rc1 Bd6 11. Bxd6 Qxd6 12. a3 O-O 13. g4 Bg6 14. Bxg6
hxg6 15. b4 b5 16. Nd2 e5 17. Nb3 exd4 18. Nxd4 Nxd4 19. Qxd4 Rac8 20. Ne2
Rxc1+ 21. Nxc1 Rc8 22. O-O Rc4 23. Qd3 Nxg4 24. f4 Nf6 25. Ne2 Qe6 26. Kg2
Re4 27. Rf3 Qc8 28. Nc3 Qc4 29. Qd2 Re8 30. Ne2 Rc8 31. Rf1 Qe4+ 32. Rf3
Rc2 33. Qd1 d4 0-1

[Event "ch-PHI"]
[Site "Tagaytay City PHI"]
[Date "2010.05.27"]
[Round "4"]
[White "So,W"]
[Black "Laylo,D"]
[Result "1/2-1/2"]
[WhiteElo "2665"]
[BlackElo "2527"]
[EventDate "2010.05.25"]

1. e4 c5 2. Nf3 e6 3. d4 cxd4 4. Nxd4 a6 5. Bd3 Bc5 6. Nb3 Be7 7. Qg4 g6 8.
Qe2 d6 9. O-O Nd7 10. Na3 Ne5 11. Nc4 Nxc4 12. Bxc4 Qc7 13. Rd1 Bd7 14. Bf4
Rc8 15. Bd3 e5 16. Be3 Nf6 17. c4 O-O 18. Rac1 Be6 19. f3 Nd7 20. Nd2 Qd8
21. Nf1 Bg5 22. Qd2 Bxe3+ 23. Nxe3 Qb6 24. Kh1 Rfd8 25. Nf5 Bxf5 26. exf5
Kg7 27. Rc3 Nf6 28. Be4 Qc7 29. a4 Qe7 30. b3 b5 31. cxb5 axb5 32. axb5 d5
33. Bd3 Rxc3 34. Qxc3 d4 35. Qa5 Nd5 36. b6 Qb7 37. Re1 Qxb6 38. Qxb6 Nxb6
39. Rxe5 Rc8 40. Kg1 Rc3 41. Rb5 Nc8 42. Be4 Nd6 43. Rd5 Nxf5 1/2-1/2

[Event "ch-PHI"]
[Site "Tagaytay City PHI"]
[Date "2010.05.27"]
[Round "5"]
[White "Laylo,D"]
[Black "Garcia,Jan"]
[Result "1-0"]
[WhiteElo "2527"]
[BlackElo "2315"]
[EventDate "2010.05.25"]

1. d4 g6 2. c4 d6 3. Nf3 Nf6 4. Nc3 Bg7 5. g3 O-O 6. Bg2 Nbd7 7. O-O c6 8.
e4 e5 9. h3 Re8 10. Re1 exd4 11. Nxd4 Qb6 12. Nc2 Nc5 13. b4 Ne6 14. Be3
Qc7 15. Qd3 a5 16. a3 axb4 17. axb4 Rxa1 18. Rxa1 Rd8 19. Rd1 Nd7 20. f4 b6
21. Nd4 Nxd4 22. Bxd4 Bxd4+ 23. Qxd4 Nf8 24. b5 Bd7 25. Qf6 Re8 26. bxc6
Bxc6 27. Qxd6 Qxd6 28. Rxd6 Re6 29. Rd8 Kg7 30. Nd5 Nd7 31. Nc7 Re7 32.
Ne8+ Kh6 33. e5 Bxg2 34. Kxg2 g5 35. Nd6 Kg6 36. Rg8+ 1-0

[Event "ch-PHI"]
[Site "Tagaytay City PHI"]
[Date "2010.05.27"]
[Round "5"]
[White "Gomez,Joh"]
[Black "So,W"]
[Result "1/2-1/2"]
[WhiteElo "2507"]
[BlackElo "2665"]
[EventDate "2010.05.25"]

1. d4 Nf6 2. c4 g6 3. g3 Bg7 4. Bg2 O-O 5. Nc3 d6 6. e4 c5 7. dxc5 dxc5 8.
Qxd8 Rxd8 9. e5 Nfd7 10. f4 Nb6 11. b3 f6 12. exf6 Bxf6 13. Nge2 Nc6 14.
Bxc6 bxc6 15. Ba3 Bg4 16. Rc1 Rd3 17. Bxc5 Rad8 18. h3 Bf3 19. O-O e5 20.
Rxf3 Rxf3 21. Ne4 Bh8 22. Nf2 Rd2 23. Kg2 Rxf2+ 24. Kxf2 exf4 25. gxf4 Kf7
26. a4 Rd3 27. a5 Nc8 28. b4 Rxh3 29. b5 cxb5 30. cxb5 Rb3 31. Bd4 Bxd4+
32. Nxd4 Rb2+ 33. Ke3 Nd6 34. Rc7+ Ke8 35. Rxa7 Nxb5 36. Rb7 Nd6 37. Rxb2
Nc4+ 38. Ke4 Nxb2 39. a6 Na4 40. Ne6 Nb6 41. Ke5 Ke7 42. a7 h5 43. Nc7 Kd7
44. Nd5 Na8 45. Kf6 h4 46. Ne3 h3 47. Ng4 Kc7 48. Kxg6 Kb7 49. Kg5 Nb6 50.
Kh4 Kxa7 51. Kxh3 Kb7 52. Kh4 Kc7 53. Kg5 Nd5 54. f5 Kd8 55. Kh6 Ne7
1/2-1/2

[Event "ch-PHI"]
[Site "Tagaytay City PHI"]
[Date "2010.05.27"]
[Round "5"]
[White "Antonio,R"]
[Black "Pascua,H"]
[Result "1-0"]
[WhiteElo "2572"]
[BlackElo "2358"]
[EventDate "2010.05.25"]

1. e4 c5 2. Nf3 Nc6 3. c3 Nf6 4. e5 Nd5 5. d4 cxd4 6. Bc4 Nb6 7. Bb3 d5 8.
cxd4 Bf5 9. Nh4 Be4 10. e6 fxe6 11. Nc3 g6 12. Be3 Bg7 13. Nxe4 dxe4 14.
Qg4 Bf6 15. Qxe4 Nd5 16. Nf3 Qd6 17. O-O O-O-O 18. Rfe1 Kb8 19. Bd2 Rhf8
20. Rad1 h6 21. Bxh6 Rg8 22. h4 Na5 23. Bc2 Rc8 24. Bb1 Rc6 25. a3 Nc4 26.
Qe2 a6 27. Bd3 Ncb6 28. g3 Rgc8 29. Rc1 Rxc1 30. Rxc1 Rxc1+ 31. Bxc1 Qc6
32. Qc2 Qxc2 33. Bxc2 Nc4 34. h5 gxh5 35. Bh7 Nd6 36. Bg6 Nf5 37. Bxh5 Nxd4
38. Nxd4 Bxd4 39. Bf7 Nc7 40. Be3 Bxe3 41. fxe3 Ka7 42. g4 Kb6 43. g5 Kc6
44. Kf2 Kd7 45. e4 e5 46. Kf3 e6 47. Bg6 b6 48. Bh5 a5 49. b3 Ke7 50. g6
Kf8 51. Kg4 Kg7 52. Kg5 Kf8 53. Kf6 1-0

[Event "ch-PHI"]
[Site "Tagaytay City PHI"]
[Date "2010.05.27"]
[Round "5"]
[White "Nolte,R"]
[Black "Sadorra,J"]
[Result "0-1"]
[WhiteElo "2420"]
[BlackElo "2450"]
[EventDate "2010.05.25"]

1. e4 e6 2. Nc3 d5 3. d4 Bb4 4. e5 c5 5. a3 Bxc3+ 6. bxc3 Ne7 7. Qg4 Qc7 8.
Qxg7 Rg8 9. Qxh7 cxd4 10. Ne2 dxc3 11. f4 Bd7 12. Qd3 Nf5 13. Ng3 Na6 14.
Nxf5 exf5 15. Be3 Qa5 16. Rb1 Qxa3 17. Rb3 Qa4 18. Qd4 Nc7 19. Rxb7 Qxd4
20. Bxd4 Ne6 21. Bxc3 Bc6 22. Rb4 a5 23. Rb6 Kd7 24. Bd3 Rxg2 25. Rf1 d4
26. Bxf5 dxc3 27. Rxc6 Kxc6 28. Be4+ Kc5 29. Bxg2 Rg8 30. Bh3 Nd4 31. Kf2
Kc4 32. Ra1 Nxc2 33. Rxa5 Rh8 34. Bf1+ Kb3 35. Rc5 Nb4 36. Ke3 c2 37. Bc4+
Kb2 38. Bxf7 Rh3+ 39. Kd4 Rd3+ 0-1

[Event "ch-PHI"]
[Site "Tagaytay City PHI"]
[Date "2010.05.27"]
[Round "5"]
[White "Bitoon,R"]
[Black "Dimakiling,O"]
[Result "1/2-1/2"]
[WhiteElo "2476"]
[BlackElo "2443"]
[EventDate "2010.05.25"]

1. e4 c5 2. Nf3 e6 3. d4 a6 4. c3 Qc7 5. Bd3 d6 6. Bf4 Nd7 7. O-O Ne7 8.
Nbd2 Ng6 9. Bg3 Be7 10. h4 e5 11. h5 Nf4 12. Bxf4 exf4 13. Re1 O-O 14. e5
dxe5 15. dxe5 Rd8 16. Qa4 Nf8 17. Bc2 Bg4 18. Qxf4 Bxh5 19. Nc4 Ne6 20. Qg3
b5 21. Ne3 Bxf3 22. Qxf3 Qxe5 23. Nd5 Qxd5 24. Be4 Ng5 25. Bxd5 Nxf3+ 26.
Bxf3 Ra7 27. Rad1 Rxd1 28. Rxd1 g6 29. b3 Rc7 30. c4 Kg7 31. Be2 b4 32. Bg4
Kf6 33. Kf1 h5 34. Rd7 Rxd7 35. Bxd7 h4 36. g3 Ke5 37. Kg2 f5 38. gxh4 Bxh4
39. Be8 g5 40. f3 Kf4 41. Bd7 Be1 42. Bc6 Bc3 43. Kf2 Bd4+ 44. Ke2 a5 45.
Bd7 Bf6 46. Bc8 1/2-1/2

[Event "ch-PHI"]
[Site "Tagaytay City PHI"]
[Date "2010.05.31"]
[Round "6"]
[White "Garcia,Jan"]
[Black "Dimakiling,O"]
[Result "1/2-1/2"]
[WhiteElo "2315"]
[BlackElo "2443"]
[EventDate "2010.05.25"]

1. c4 c6 2. Nc3 d5 3. cxd5 cxd5 4. d4 Nc6 5. Nf3 Nf6 6. Bf4 a6 7. e3 Bg4 8.
Be2 e6 9. O-O Bd6 10. Bxd6 Qxd6 11. Rc1 O-O 12. h3 Bh5 13. Ne1 Bg6 14. Nd3
b5 15. Nc5 e5 16. dxe5 Nxe5 17. b4 Rfe8 18. Qd2 Qc6 19. Rfd1 Rad8 20. a4
Nc4 21. Qd4 Qb6 22. a5 Qa7 23. Bf3 Ne5 24. Bxd5 Bh5 25. f3 Bxf3 26. gxf3
Rxd5 27. Qf4 Rxd1+ 28. Rxd1 h6 29. Kf2 Nc4 30. e4 Re5 31. Rd8+ Kh7 32. Nd5
Nxd5 33. Rxd5 g5 34. Qf6 Rxd5 35. exd5 Qc7 36. f4 gxf4 37. Ne4 Ne5 38. Qf5+
Kg7 39. Qf6+ Kg8 40. Nc5 Nd3+ 41. Nxd3 Qc2+ 42. Kf3 Qxd3+ 43. Kxf4 Qf1+ 44.
Ke5 Qa1+ 45. Kf5 Qb1+ 46. Ke5 Qb2+ 47. Kf5 Qc2+ 48. Kf4 Qc4+ 49. Kg3 Qxd5
50. Qxa6 Qb3+ 51. Kg2 Qxb4 52. Qa8+ Kg7 53. a6 Qd2+ 54. Kh1 b4 55. a7 b3
56. Qb8 Qe1+ 57. Kg2 Qe2+ 58. Kg3 Qe3+ 59. Kg2 1/2-1/2

[Event "ch-PHI"]
[Site "Tagaytay City PHI"]
[Date "2010.05.31"]
[Round "6"]
[White "Dableo,R"]
[Black "Bitoon,R"]
[Result "1-0"]
[WhiteElo "2464"]
[BlackElo "2476"]
[EventDate "2010.05.25"]

1. c4 c5 2. b3 Nf6 3. Bb2 b6 4. d3 e6 5. e4 d6 6. g3 Nc6 7. Bg2 e5 8. Ne2
Bg4 9. f3 Be6 10. Nbc3 Nd4 11. Nxd4 cxd4 12. Nd5 Nxd5 13. cxd5 Bd7 14. f4
Rc8 15. O-O Be7 16. Rf2 O-O 17. Qh5 Bf6 18. Raf1 Qe7 19. Qe2 Rc7 20. Qd2
Rfc8 21. Rc1 Rxc1+ 22. Bxc1 Bb5 23. Bb2 Qd7 24. f5 Qb7 25. Bf1 Qa6 26. a4
Bd7 27. Ba3 Rc3 28. Qb2 Bg5 29. Rc2 Qc8 30. Rxc3 dxc3 31. Qc2 Be3+ 32. Kg2
Bc5 33. Bc1 Bd4 34. Be2 b5 35. Bd1 b4 36. h4 Qd8 37. Kh3 g6 38. g4 h5 39.
Qg2 hxg4+ 40. Bxg4 Qc8 41. h5 Kg7 42. hxg6 fxg6 43. Qg3 Qd8 44. Bh5 Qf6 45.
Bxg6 Kh8 46. Kg2 Kg8 47. Be8+ Qg7 48. Bxd7 1-0

[Event "ch-PHI"]
[Site "Tagaytay City PHI"]
[Date "2010.05.31"]
[Round "6"]
[White "Pascua,H"]
[Black "Nolte,R"]
[Result "1/2-1/2"]
[WhiteElo "2358"]
[BlackElo "2420"]
[EventDate "2010.05.25"]

1. d4 Nf6 2. Nf3 d5 3. c4 c6 4. g3 dxc4 5. Bg2 g6 6. O-O Bg7 7. e3 O-O 8.
Ne5 Be6 9. Na3 Bd5 10. Naxc4 Nbd7 11. Bd2 Nxe5 12. Nxe5 Bxg2 13. Kxg2 Qd5+
14. f3 Rfd8 15. Nd3 Nd7 16. Nf4 Qb5 17. Qe2 Qxe2+ 18. Nxe2 e5 19. Bc3 exd4
20. Bxd4 Bxd4 21. Nxd4 c5 22. Nb3 b6 23. Rac1 Ne5 24. Rc2 Rd3 25. Kf2 Rad8
26. Ke2 a5 27. Rd2 a4 28. Rxd3 Nxd3 29. Rd1 c4 30. Nc1 Nxc1+ 31. Rxc1 b5
32. Rd1 Rc8 33. Rd5 c3 34. bxc3 Rxc3 35. Rd3 Rc1 36. Rd1 Rc5 37. a3 Kf8 38.
e4 Ke7 39. h4 Rc3 40. Rd3 Rc1 41. Ke3 Ke6 42. Kf4 Rc4 1/2-1/2

[Event "ch-PHI"]
[Site "Tagaytay City PHI"]
[Date "2010.05.31"]
[Round "6"]
[White "Laylo,D"]
[Black "Gomez,Joh"]
[Result "1/2-1/2"]
[WhiteElo "2527"]
[BlackElo "2507"]
[EventDate "2010.05.25"]

1. d4 d5 2. c4 c6 3. Nf3 Nf6 4. Nc3 dxc4 5. e4 b5 6. e5 Nd5 7. a4 e6 8.
axb5 Nxc3 9. bxc3 cxb5 10. Ng5 Bb7 11. Qh5 g6 12. Qh3 Be7 13. Qh6 Bf8 14.
Qh3 Be7 15. Qh6 Bf8 16. Qh3 Be7 1/2-1/2